Maratónec Vojtičko ešte nemá dosť, beháva už 30 rokov

Bibliographic Details
Format: Article
Language:Slovak
PhysicalDescription:Fotogr.
Subjects:
Online Access:http://www.kezmarok.sk/obcan/clanky/noviny_kezmarok_archiv-107.htm

MARC

LEADER 00000nab a2200000 ar4500
001 vtls010644222
003 SK-MaSNL
005 20260304222830.0
008 141218c2014 xo sr|p|||||||000 b|slo
038 |a PPPK 
040 |a PPPKCL  |b slo  |c PPPKCL  |e AACR2 
041 0 |a slo 
044 |a xo  |c SK 
080 |a 796.422.071.2  |2 2001 
080 |a 796.422.16  |2 2001 
245 0 0 |a Maratónec Vojtičko ešte nemá dosť, beháva už 30 rokov 
300 |b Fotogr. 
500 |a Autor a fotograf článku nie sú uvedení. 
600 1 7 |a Vojtičko, Anton,  |d 1949-  |2 pppkcl  |9 1047288 
650 0 7 |a bežci  |2 pppkcl  |9 29918 
650 0 7 |a beh na dlhé trate  |2 pppkcl  |9 73358 
651 7 |a Kežmarok (Slovensko)  |2 pppkcl  |9 26808 
773 0 |t Kežmarok  |g Roč. XXII, č. 21 (2014), s. 16 
852 |a PPPK  |b KIS3GCP 
856 4 1 |u http://www.kezmarok.sk/obcan/clanky/noviny_kezmarok_archiv-107.htm 
999 |c 3165462  |d 3167392